[Event "Bayerische Einzelmeisterschaft 2011"]
[Site "Regensburg"]
[Date "2011.08.25"]
[Round "6.10"]
[White "Lederle, Vitus"]
[Black "Wagner, Florian"]
[Result "1/2-1/2"]
[WhiteElo "2214"]
[BlackElo "2253"]
[PlyCount "146"]
[EventDate "2011.??.??"]
[WhiteTeam "SC Dillingen"]
[BlackTeam "SC Noris-Tarrasch Nürnberg 1873"]

1. e4 c5 2. Nf3 e6 3. d4 cxd4 4. Nxd4 a6 5. Bd3 Qc7 6. O-O Nf6 7. Qe2 d6 8. c4
Nbd7 9. f4 Be7 10. Nc3 b6 11. Bd2 Bb7 12. Kh1 O-O 13. Rae1 Rfd8 14. Nf3 g6 15.
e5 Nh5 16. Be4 Bxe4 17. Nxe4 dxe5 18. fxe5 Rac8 19. b3 Nxe5 20. Nxe5 Qxe5 21.
Bc3 Qc7 22. g4 Nf4 23. Qf3 e5 24. Bxe5 Qxe5 25. Qxf4 Qxf4 26. Rxf4 b5 27. cxb5
axb5 28. Kg2 Rc2+ 29. Rf2 Rc6 30. Ref1 Re6 31. Nc3 b4 32. Na4 f6 33. Nb2 Rd4
34. h3 Kf7 35. Nc4 Bc5 36. Rc2 Ke7 37. Na5 Rd5 38. Rfc1 Bd6 39. Nc4 Bf4 40. Rf1
g5 41. Rff2 Rd3 42. Rf3 Rd1 43. Rf1 Rd3 44. Rf3 Rd4 45. Na5 Kd7 46. Nc4 Re1 47.
Nb2 Ra1 48. Rd3 Rxd3 49. Nxd3 Bd6 50. Nf2 Ke6 51. Kf3 Be5 52. Ke4 Re1+ 53. Kd3
Kd5 54. Rc4 Bf4 55. Rd4+ Kc5 56. Ne4+ Kb5 57. Nxf6 Re3+ 58. Kc2 Be5 59. Rd5+
Kc6 60. Ra5 Rc3+ 61. Kd2 Bxf6 62. Ra6+ Kd5 63. Rxf6 Rxh3 64. Rf5+ Kd4 65. Rxg5
Rh2+ 66. Kc1 Rxa2 67. Rh5 Rg2 68. g5 Rg3 69. Kc2 Rg2+ 70. Kc1 Kc3 71. Rh3+ Kd4
72. Rh4+ Kc3 73. Rh3+ Kd4 1/2-1/2

[Event "Bayerische Einzelmeisterschaft 2011"]
[Site "Regensburg"]
[Date "2011.08.25"]
[Round "6.11"]
[White "Heiduczek, Josef"]
[Black "Miskevicer, Boris"]
[Result "1/2-1/2"]
[WhiteElo "2199"]
[BlackElo "2187"]
[PlyCount "93"]
[EventDate "2011.??.??"]
[WhiteTeam "SC Rottal"]
[BlackTeam "SG Schwabing München Nord e.V."]

1. e4 c5 2. Nf3 e6 3. d4 cxd4 4. Nxd4 d6 5. Nc3 Nf6 6. Be3 a6 7. f3 Qc7 8. g4
h6 9. Qd2 Nbd7 10. O-O-O Ne5 11. h4 Bd7 12. Bh3 Rc8 13. g5 Nc4 14. Qd3 Ne5 15.
Qe2 Nh5 16. Rdg1 g6 17. Nb3 Bg7 18. gxh6 Bxh6 19. Bxh6 Rxh6 20. Qe3 Rh8 21. f4
Nc4 22. Qf3 b5 23. f5 Ne5 24. Qd1 b4 25. fxe6 fxe6 26. Ne2 Qc4 27. Ned4 Nd3+
28. Kb1 Nf2 29. Qd2 Nxh3 30. Rxh3 e5 31. Rd3 Nf4 32. Rdg3 Rxh4 33. Nf3 Rh3 34.
Qxd6 Qxc2+ 35. Ka1 Rxg3 36. Qxe5+ Be6 37. Qh8+ Kd7 38. Qg7+ Ke8 39. Qh8+ Kf7
40. Qh7+ Kf8 41. Qh8+ Bg8 42. Qf6+ Ke8 43. Qe5+ Be6 44. Qh8+ Kd7 45. Qg7+ Kd8
46. Qh8+ Kd7 47. Qg7+ 1/2-1/2

[Event "Bayerische Einzelmeisterschaft 2011"]
[Site "Regensburg"]
[Date "2011.08.25"]
[Round "6.12"]
[White "Shashkin, Igor"]
[Black "Lipok, Christoph"]
[Result "1-0"]
[WhiteElo "2099"]
[BlackElo "2175"]
[PlyCount "113"]
[EventDate "2011.??.??"]
[WhiteTeam "PTSV SK Hof 1892"]
[BlackTeam "Spgem Kötz/Ichenhausen"]

1. e4 c6 2. Nc3 d5 3. Nf3 Bg4 4. h3 Bxf3 5. Qxf3 Nf6 6. d3 e6 7. Bd2 Nbd7 8. g4
g6 9. Qg3 Qb6 10. Be2 O-O-O 11. Rb1 Bg7 12. a4 dxe4 13. dxe4 Nc5 14. f3 Rxd2
15. Kxd2 Qb4 16. Bd3 Nxa4 17. Ke2 Nh5 18. gxh5 Bxc3 19. b3 Nb2 20. f4 Rd8 21.
hxg6 hxg6 22. h4 Qa5 23. Qg5 f5 24. Rxb2 Bxb2 25. Qxg6 fxe4 26. Qxe4 e5 27. f5
Rd4 28. Qe3 e4 29. Bxe4 Qe5 30. Kf3 Bc3 31. Qf4 Qe8 32. Rg1 Bd2 33. Qg4 Qe5 34.
Qg8+ Rd8 35. Qe6+ Qxe6 36. fxe6 Rf8+ 37. Ke2 Bb4 38. Bg6 Bc5 39. Rg2 Kd8 40.
Bf7 Ke7 41. h5 Bd4 42. Kd3 Bf6 43. Ke4 a5 44. c4 b5 45. cxb5 cxb5 46. Rc2 a4
47. bxa4 bxa4 48. Rc7+ Kd6 49. Ra7 Rd8 50. Kf5 Bd4 51. Rxa4 Ke7 52. Rc4 Bb6 53.
Kg6 Rd4 54. Rc6 Rd6 55. Rxd6 Kxd6 56. h6 Ke7 57. Kg7 1-0

[Event "Bayerische Einzelmeisterschaft 2011"]
[Site "Regensburg"]
[Date "2011.08.25"]
[Round "6.13"]
[White "Niemetz, Alexander"]
[Black "Hornung, Hans"]
[Result "1-0"]
[WhiteElo "2013"]
[BlackElo "2158"]
[PlyCount "83"]
[EventDate "2011.??.??"]
[WhiteTeam "SC Hollfeld 1960 e.V."]
[BlackTeam "SK Klosterlechfeld"]

1. d4 e6 2. c4 Bb4+ 3. Nc3 b6 4. Qc2 Bb7 5. Nf3 f5 6. Bg5 Nf6 7. e3 h6 8. Bxf6
Qxf6 9. O-O-O Bxc3 10. Qxc3 d6 11. Ne1 Nd7 12. f3 O-O-O 13. b4 Kb8 14. Nc2 c5
15. a3 Rc8 16. Kb2 Rhd8 17. Be2 b5 18. cxb5 Nb6 19. Kb1 cxb4 20. Qxb4 Nd5 21.
Qd2 Nc3+ 22. Kb2 Rc5 23. Rc1 Nxb5 24. Nb4 Nc7 25. Ka2 Rxc1 26. Rxc1 Nd5 27.
Nc6+ Bxc6 28. Rxc6 Ka8 29. Qc2 Qf8 30. Ba6 Qe8 31. e4 Ne3 32. Qc1 Rb8 33. Rxd6
Qa4 34. Qc6+ Qxc6 35. Rxc6 fxe4 36. fxe4 Nd1 37. d5 exd5 38. exd5 Ne3 39. d6
Nf5 40. d7 Ne7 41. Re6 Nd5 42. Re8 1-0

[Event "Bayerische Einzelmeisterschaft 2011"]
[Site "Regensburg"]
[Date "2011.08.25"]
[Round "6.14"]
[White "Stöver, Leon"]
[Black "Fuhrmann, Max"]
[Result "0-1"]
[WhiteElo "1919"]
[BlackElo "2153"]
[PlyCount "90"]
[EventDate "2011.??.??"]
[WhiteTeam "TuS Geretsried"]
[BlackTeam "SK Kelheim 1920"]

1. e4 c6 2. d3 d5 3. Nd2 e5 4. Ngf3 Bd6 5. g3 Nf6 6. Bg2 Nbd7 7. O-O O-O 8. b3
Qa5 9. Bb2 Ba3 10. Bxa3 Qxa3 11. Re1 Re8 12. h3 Qd6 13. g4 Nf8 14. Nh4 Ne6 15.
Nf5 Qc7 16. Qf3 Nf4 17. Nf1 Bxf5 18. exf5 e4 19. dxe4 Nxe4 20. Ng3 Ng5 21. Qc3
Ngxh3+ 22. Bxh3 Nxh3+ 23. Kg2 Ng5 24. Rxe8+ Rxe8 25. Re1 Rxe1 26. Qxe1 h6 27.
Nh5 Kf8 28. Qb4+ c5 29. Qd2 d4 30. f3 Qe5 31. b4 c4 32. b5 Kg8 33. a4 Kh7 34.
Ng3 Qd5 35. Qe2 d3 36. cxd3 Qxd3 37. f4 Qd5+ 38. Kf1 Nh3 39. Qe3 Qd1+ 40. Kg2
Qxg4 41. f6 Nxf4+ 42. Kf2 Nd5 43. Qxa7 Qf4+ 44. Kg2 Ne3+ 45. Kh3 Qg4+ 0-1

[Event "Bayerische Einzelmeisterschaft 2011"]
[Site "Regensburg"]
[Date "2011.08.26"]
[Round "7.1"]
[White "Pohl-Kuemmel, Jens-Uwe"]
[Black "Nuber, Korbinian"]
[Result "1/2-1/2"]
[WhiteElo "2287"]
[BlackElo "2245"]
[PlyCount "22"]
[EventDate "2011.??.??"]
[WhiteTeam "TSV Wacker Neutraubling"]
[BlackTeam "SC Dillingen"]

1. d4 d5 2. Nf3 Nf6 3. c4 c6 4. Qc2 e6 5. Nbd2 Nbd7 6. g3 Be7 7. Bg2 O-O 8. O-O
c5 9. cxd5 exd5 10. dxc5 Nxc5 11. Nd4 Bd6 1/2-1/2

[Event "Bayerische Einzelmeisterschaft 2011"]
[Site "Regensburg"]
[Date "2011.08.26"]
[Round "7.3"]
[White "Reich, Thomas"]
[Black "Fedorovsky, Michael"]
[Result "1/2-1/2"]
[WhiteElo "2391"]
[BlackElo "2416"]
[PlyCount "25"]
[EventDate "2011.??.??"]
[WhiteTeam "FC Bayern München e.V."]
[BlackTeam "SC Tarrasch 45 München"]

1. d4 Nf6 2. c4 e6 3. Nc3 Bb4 4. Nf3 c5 5. g3 cxd4 6. Nxd4 Ne4 7. Qd3 Qa5 8.
Nb3 Nxc3 9. Nxa5 Ne4+ 10. Bd2 Bxd2+ 11. Qxd2 Nxd2 12. Kxd2 Nc6 13. Nxc6 1/2-1/2

[Event "Bayerische Einzelmeisterschaft 2011"]
[Site "Regensburg"]
[Date "2011.08.26"]
[Round "7.4"]
[White "Golda, Harald"]
[Black "Gießmann, Stephan"]
[Result "0-1"]
[WhiteElo "2334"]
[BlackElo "2237"]
[PlyCount "76"]
[EventDate "2011.??.??"]
[WhiteTeam "Schachklub Schweinfurt 2000 e.V."]
[BlackTeam "SK Kelheim 1920"]

1. d4 d5 2. Nf3 e6 3. c4 c5 4. cxd5 exd5 5. Nc3 Nc6 6. g3 Nf6 7. Bg2 Be7 8. O-O
O-O 9. dxc5 Bxc5 10. Bg5 d4 11. Bxf6 Qxf6 12. Ne4 Qe7 13. Nxc5 Qxc5 14. Rc1 Qb6
15. Qc2 Bg4 16. Ng5 g6 17. Bxc6 bxc6 18. Qe4 Bf5 19. Qh4 h5 20. h3 f6 21. Nf3
c5 22. g4 hxg4 23. hxg4 Be4 24. g5 Bxf3 25. exf3 fxg5 26. Qxg5 Rf5 27. Qe7 Qc6
28. Rce1 Qxf3 29. Re4 Rh5 30. Rh4 Rxh4 31. Qxh4 Re8 32. Rc1 Kg7 33. Qg3 Qxg3+
34. fxg3 d3 35. Kf1 c4 36. a4 a5 37. Kf2 Re2+ 38. Kf3 Rc2 0-1

[Event "Bayerische Einzelmeisterschaft 2011"]
[Site "Regensburg"]
[Date "2011.08.26"]
[Round "7.5"]
[White "Krauß, Josef"]
[Black "Zill, Christoph"]
[Result "0-1"]
[WhiteElo "2160"]
[BlackElo "2271"]
[PlyCount "106"]
[EventDate "2011.??.??"]
[WhiteTeam "SV Würzburg von 1865 e.V."]
[BlackTeam "SK Freising"]

1. e4 e6 2. d4 d5 3. e5 c5 4. c3 Nc6 5. Nf3 Qb6 6. a3 c4 7. Nbd2 Na5 8. g3 Bd7
9. Bh3 Ne7 10. O-O h6 11. Ne1 O-O-O 12. Qf3 Be8 13. Ng2 Kb8 14. Bg4 Nc8 15. h4
Be7 16. h5 Bg5 17. Ne3 f5 18. exf6 gxf6 19. Qh1 Bxe3 20. fxe3 f5 21. Bd1 Qc7
22. Rf4 Rg8 23. g4 fxg4 24. Bxg4 e5 25. dxe5 Bd7 26. Qf3 Qxe5 27. Kf2 Bxg4 28.
Rxg4 Qh2+ 29. Qg2 Qxg2+ 30. Rxg2 Rxg2+ 31. Kxg2 Nd6 32. b4 cxb3 33. Rb1 Rg8+
34. Kf1 Ne4 35. Nxb3 Nxc3 36. Rb2 Nxb3 37. Rxb3 Ne4 38. Rb5 Rg5 39. Bb2 Rxh5
40. Bd4 Rg5 41. Rb2 h5 42. Rh2 b6 43. Ke2 Kb7 44. Kd3 Kc6 45. Rc2+ Nc5+ 46. Kc3
h4 47. Rh2 Rh5 48. Bxc5 bxc5 49. e4 dxe4 50. Rh3 Kd5 51. a4 a5 52. Kc2 Kd4 53.
Kd2 c4 0-1

[Event "Bayerische Einzelmeisterschaft 2011"]
[Site "Regensburg"]
[Date "2011.08.26"]
[Round "7.6"]
[White "Schatz, Christian"]
[Black "Kuhn, Tobias"]
[Result "0-1"]
[WhiteElo "2204"]
[BlackElo "2195"]
[PlyCount "126"]
[EventDate "2011.??.??"]
[WhiteTeam "SK Schwanstetten 79 e.V."]
[BlackTeam "SK 1982 Klingenberg/Main"]

1. c4 Nf6 2. Nc3 g6 3. d4 Bg7 4. Bg5 h6 5. Bh4 c5 6. d5 d6 7. e4 g5 8. Bg3 b5
9. cxb5 Qa5 10. Qd2 Nh5 11. Nf3 a6 12. bxa6 Nd7 13. Nb5 Qb6 14. a7 Ba6 15. a4
O-O 16. Be2 Ndf6 17. Qc2 Nxg3 18. hxg3 Bxb5 19. Bxb5 Rxa7 20. O-O Ng4 21. Qe2
Ne5 22. Nd2 Qa5 23. f4 Ng6 24. Nc4 Bd4+ 25. Kh2 Qc7 26. Rad1 Kg7 27. b4 h5 28.
Rxd4 cxd4 29. Qd1 gxf4 30. gxf4 f6 31. Qxd4 Rb7 32. Rf3 h4 33. Na5 Rxb5 34.
axb5 Qc1 35. Qc3 Qb1 36. Qd3 Qxd3 37. Rxd3 Rb8 38. Nc6 Rxb5 39. f5 Nf4 40. Rb3
Kf8 41. Nd4 Rb6 42. Ne6+ Nxe6 43. fxe6 Kg7 44. Kh3 Kg6 45. Kg4 Rb5 46. Kf4 Kh5
47. Ke3 Kg4 48. Kd4 Kf4 49. Rf3+ Kg4 50. Kc4 Rb8 51. b5 Rc8+ 52. Kd4 Rc2 53.
Rb3 Rxg2 54. b6 h3 55. b7 h2 56. b8=Q h1=Q 57. Rb1 Qh2 58. Qg8+ Kf3 59. Rb3+
Kf4 60. Qb8 Rc2 61. Qb4 Qf2+ 62. Kd3 Qe2+ 63. Kd4 Qxe4# 0-1

[Event "Bayerische Einzelmeisterschaft 2011"]
[Site "Regensburg"]
[Date "2011.08.26"]
[Round "7.7"]
[White "Wagner, Florian"]
[Black "Heimrath, Reiner"]
[Result "1-0"]
[WhiteElo "2253"]
[BlackElo "2309"]
[PlyCount "131"]
[EventDate "2011.??.??"]
[WhiteTeam "SC Noris-Tarrasch Nürnberg 1873"]
[BlackTeam "SC Noris-Tarrasch Nürnberg 1873"]

1. c4 e5 2. Nc3 d6 3. Nf3 Nd7 4. d4 Ngf6 5. g3 Be7 6. Bg2 O-O 7. O-O Re8 8. b3
c6 9. Qc2 Qc7 10. Ba3 Nf8 11. Rad1 h6 12. c5 exd4 13. cxd6 Bxd6 14. Bxd6 Qxd6
15. Nxd4 Qc5 16. e4 Ng6 17. Nd5 Qd6 18. Ne3 Qb4 19. Rfe1 a5 20. f4 a4 21. e5
Nd7 22. Nc4 Nc5 23. f5 axb3 24. axb3 Nf8 25. Nd6 Re7 26. Bxc6 f6 27. Bd5+ Kh7
28. e6 Nxb3 29. N4b5 Nd4 30. Qe4 Nc6 31. Qxb4 Nxb4 32. Be4 g6 33. Ra1 Rxa1 34.
Rxa1 Bxe6 35. fxe6 Nxe6 36. Bxb7 Nc5 37. Bf3 Nbd3 38. Ra7 Rxa7 39. Nxa7 h5 40.
Nc6 Kh6 41. Nd4 Nd7 42. Ne6 N3e5 43. Be2 Nb6 44. Kf2 Nd5 45. h3 Kh7 46. Bb5 Kh6
47. Be8 Ne7 48. Ke3 Kh7 49. Ne4 Ng8 50. Nf4 Kg7 51. Kd4 Nf3+ 52. Kc5 h4 53.
Nxg6 hxg3 54. Nxg3 Nh6 55. Nh5+ Kh7 56. Nxf6+ Kg7 57. Nh5+ Kh7 58. Ngf4 Ng5 59.
Bg6+ Kh8 60. Kd5 Ng8 61. Ke5 Nf3+ 62. Ke4 Nh4 63. Bf7 Kh7 64. Bxg8+ Kxg8 65.
Ng3 Kh7 66. Nf5 1-0

[Event "Bayerische Einzelmeisterschaft 2011"]
[Site "Regensburg"]
[Date "2011.08.26"]
[Round "7.9"]
[White "Graf, Christian"]
[Black "Lederle, Vitus"]
[Result "0-1"]
[WhiteElo "2121"]
[BlackElo "2214"]
[PlyCount "136"]
[EventDate "2011.??.??"]
[WhiteTeam "SGem Pang/Rosenheim"]
[BlackTeam "SC Dillingen"]

1. e4 e5 2. Nf3 Nc6 3. Bb5 a6 4. Bxc6 dxc6 5. O-O Bg4 6. h3 Bh5 7. d3 Bd6 8.
Be3 f6 9. Nbd2 Ne7 10. c3 Bf7 11. d4 Ng6 12. dxe5 Bxe5 13. Nxe5 fxe5 14. Nf3 h6
15. Qxd8+ Rxd8 16. b3 Ke7 17. Rfd1 Ke6 18. Kf1 Ne7 19. Ng1 g5 20. Ke1 a5 21.
Rxd8 Rxd8 22. Rd1 Ra8 23. a3 a4 24. b4 Rg8 25. Ne2 Nc8 26. Ng3 Nd6 27. Bc1 h5
28. f3 g4 29. hxg4 hxg4 30. Kf2 Bg6 31. Rh1 gxf3 32. gxf3 Kd7 33. Rh6 Ke7 34.
Bg5+ Kf7 35. Bc1 Rd8 36. Ke2 Nb5 37. Bb2 Nd6 38. Bc1 Nb5 39. Bb2 Kg7 40. Rh1
Nd6 41. Nh5+ Bxh5 42. Rxh5 Nc4 43. Bc1 Rd6 44. Rh4 Rd7 45. Rh5 Kg8 46. Rg5+ Kf8
47. Rh5 Rf7 48. Rh8+ Kg7 49. Rh5 Rf6 50. Kf2 b6 51. Ke2 Rd6 52. Rf5 Rg6 53. Kf2
c5 54. bxc5 bxc5 55. Be3 Rg2+ 56. Kxg2 Nxe3+ 57. Kf2 Nxf5 58. exf5 Kf6 59. Ke3
Kxf5 60. Ke2 Kf4 61. Kf2 e4 62. fxe4 Kxe4 63. Ke2 c4 64. Kd2 Kf3 65. Kd1 Ke3
66. Kc2 Ke2 67. Kc1 Kd3 68. Kb2 Kd2 0-1

[Event "Bayerische Einzelmeisterschaft 2011"]
[Site "Regensburg"]
[Date "2011.08.26"]
[Round "7.10"]
[White "Schindler, Viktor"]
[Black "Niemetz, Alexander"]
[Result "1/2-1/2"]
[WhiteElo "2168"]
[BlackElo "2013"]
[PlyCount "74"]
[EventDate "2011.??.??"]
[WhiteTeam "PTSV SK Hof 1892"]
[BlackTeam "SC Hollfeld 1960 e.V."]

1. e4 e6 2. d4 d5 3. e5 c5 4. c3 Nc6 5. Nf3 Bd7 6. Bd3 cxd4 7. O-O Qb6 8. Re1
Nge7 9. h4 a6 10. a3 Rc8 11. Bc2 dxc3 12. Nxc3 Na5 13. Na4 Qc7 14. Bd3 b5 15.
Nc3 Nc4 16. a4 b4 17. Ne2 Ng6 18. Bxg6 hxg6 19. Nf4 Be7 20. g3 Qc5 21. Qd3 a5
22. b3 Na3 23. Be3 Qc3 24. Rac1 Qxd3 25. Rxc8+ Bxc8 26. Nxd3 Kd7 27. Rc1 Ba6
28. Nc5+ Bxc5 29. Rxc5 Rc8 30. Rxa5 Be2 31. Nd4 Bd3 32. Ra7+ Rc7 33. Rxc7+ Kxc7
34. Bd2 Nc2 35. Nxc2 Bxc2 36. Bxb4 Bxb3 37. a5 Kc6 1/2-1/2

[Event "Bayerische Einzelmeisterschaft 2011"]
[Site "Regensburg"]
[Date "2011.08.26"]
[Round "7.11"]
[White "Dauer, Christina"]
[Black "Schmid, Roland"]
[Result "0-1"]
[WhiteElo "1896"]
[BlackElo "2189"]
[PlyCount "64"]
[EventDate "2011.??.??"]
[WhiteTeam "Spgem Kötz/Ichenhausen"]
[BlackTeam "TSV Wacker Neutraubling"]

1. e4 e6 2. d4 d5 3. e5 c5 4. c3 Nc6 5. Nf3 Qb6 6. a3 Nh6 7. b4 cxd4 8. cxd4
Nf5 9. Be3 f6 10. exf6 gxf6 11. Nc3 Bg7 12. Rc1 O-O 13. Bd3 Nxe3 14. fxe3 Qd8
15. O-O Kh8 16. Nh4 f5 17. Qh5 Rf6 18. Rf4 Rh6 19. Qf7 Bd7 20. Nxf5 exf5 21.
Qxd5 Ne7 22. Qa2 Rc8 23. Qd2 Ng6 24. Rf3 f4 25. Bxg6 fxe3 26. Qxe3 Rxg6 27.
Rcf1 Qb6 28. Ne2 Re8 29. Qd2 Bb5 30. Nf4 Rd6 31. Re1 Qxd4+ 32. Rfe3 Qxd2 0-1

[Event "Bayerische Einzelmeisterschaft 2011"]
[Site "Regensburg"]
[Date "2011.08.26"]
[Round "7.12"]
[White "Miskevicer, Boris"]
[Black "Fuhrmann, Max"]
[Result "0-1"]
[WhiteElo "2187"]
[BlackElo "2153"]
[PlyCount "90"]
[EventDate "2011.??.??"]
[WhiteTeam "SG Schwabing München Nord e.V."]
[BlackTeam "SK Kelheim 1920"]

1. d4 Nf6 2. c4 e6 3. Nc3 d5 4. Nf3 c6 5. e3 Nbd7 6. Bd3 dxc4 7. Bxc4 b5 8. Bd3
Bb7 9. O-O a6 10. e4 Qb6 11. e5 Nd5 12. Nxd5 cxd5 13. Ng5 Qxd4 14. Nxe6 Qb6 15.
Nxf8 Nxf8 16. a4 Ne6 17. axb5 axb5 18. Rxa8+ Bxa8 19. Qc2 Bb7 20. Bd2 d4 21.
Rc1 Kd7 22. Qb3 Bc6 23. Qb4 Qb8 24. f4 g6 25. Ra1 Rc8 26. Ra5 Qb6 27. Qd6+ Ke8
28. Rxb5 Qa7 29. Ra5 Qb7 30. Bb4 Qd7 31. g3 h5 32. Qxd7+ Kxd7 33. Bd6 Ra8 34.
Rxa8 Bxa8 35. Kf2 Bc6 36. Bc4 Kc8 37. Ba6+ Kd7 38. Ke2 Ba4 39. Kd3 Kc6 40. Bc4
Bd1 41. Ba3 Bf3 42. b3 Bg2 43. b4 Bf1+ 44. Ke4 Bxc4 45. h3 h4 0-1

[Event "Bayerische Einzelmeisterschaft 2011"]
[Site "Regensburg"]
[Date "2011.08.26"]
[Round "7.13"]
[White "Kretschel, Klaus"]
[Black "Heiduczek, Josef"]
[Result "0-1"]
[WhiteElo "2103"]
[BlackElo "2199"]
[PlyCount "78"]
[EventDate "2011.??.??"]
[WhiteTeam "SC Unterpfaffenhofen"]
[BlackTeam "SC Rottal"]

1. f4 d5 2. Nf3 g6 3. g3 Bg7 4. Bg2 Nf6 5. O-O O-O 6. d3 c5 7. c3 Nc6 8. Qc2 d4
9. Nbd2 dxc3 10. bxc3 Nd5 11. Ne4 Nxc3 12. Nxc3 Nd4 13. Nxd4 Qxd4+ 14. e3 Qxc3
15. Qxc3 Bxc3 16. Rb1 Bb4 17. d4 Bf5 18. Rb3 Be6 19. d5 Bc8 20. Bb2 a5 21. Rc1
b5 22. Rd3 c4 23. Rd4 Bc5 24. d6 Ra7 25. dxe7 Rxe7 26. Kf2 Ba6 27. Bd5 Bxd4 28.
Bxd4 Rd7 29. Bc6 Rd6 30. Be4 Rfd8 31. Rd1 b4 32. Bc2 Bb7 33. Ke2 f5 34. Rc1
Rxd4 35. exd4 Rxd4 36. Ke3 Rd6 37. Ba4 Bc6 38. Bd1 Rd3+ 39. Ke2 Bf3+ 0-1

[Event "Bayerische Einzelmeisterschaft 2011"]
[Site "Regensburg"]
[Date "2011.08.26"]
[Round "7.14"]
[White "Lipok, Christoph"]
[Black "Stöver, Leon"]
[Result "1-0"]
[WhiteElo "2175"]
[BlackElo "1919"]
[PlyCount "71"]
[EventDate "2011.??.??"]
[WhiteTeam "Spgem Kötz/Ichenhausen"]
[BlackTeam "TuS Geretsried"]

1. d4 Nf6 2. c4 g6 3. Nc3 Bg7 4. e4 d6 5. Nf3 O-O 6. Be2 e5 7. O-O Na6 8. Re1
Qe7 9. Bf1 h6 10. d5 Nh7 11. Nd2 f5 12. f3 f4 13. a3 h5 14. b4 h4 15. h3 Qg5
16. Kh1 Nf6 17. Ne2 Nh5 18. Nb3 b6 19. Bd2 Ng3+ 20. Kh2 Qe7 21. Qc2 Rf7 22. Ng1
Bf8 23. a4 Bb7 24. Bd3 Nb8 25. a5 Nd7 26. Rec1 c5 27. dxc6 Bxc6 28. axb6 axb6
29. Rxa8 Bxa8 30. c5 bxc5 31. bxc5 Nxc5 32. Nxc5 dxc5 33. Bc4 Bc6 34. Be1 Kh7
35. Bxf7 Nf1+ 36. Kh1 1-0

[Event "Bayerische Einzelmeisterschaft 2011"]
[Site "Regensburg"]
[Date "2011.08.27"]
[Round "8.1"]
[White "Zill, Christoph"]
[Black "Lentrodt, Thomas"]
[Result "1/2-1/2"]
[WhiteElo "2271"]
[BlackElo "2307"]
[PlyCount "55"]
[EventDate "2011.??.??"]
[WhiteTeam "SK Freising"]
[BlackTeam "FC Bayern München e.V."]

1. e4 c5 2. Nf3 d6 3. d4 cxd4 4. Nxd4 Nf6 5. Nc3 a6 6. Be3 e5 7. Nb3 Be6 8. f3
h5 9. Qd2 Nbd7 10. Qf2 Be7 11. O-O-O Qc7 12. Kb1 b5 13. Nd5 Bxd5 14. exd5 Bd8
15. f4 Rc8 16. c3 Qb7 17. fxe5 Nxe5 18. Be2 O-O 19. h3 b4 20. cxb4 Qxb4 21. Qf5
Bb6 22. Bxb6 Qxb6 23. g4 Qe3 24. Bxa6 Ra8 25. Bd3 Ra4 26. Rhe1 Qxh3 27. gxh5
Qxf5 28. Bxf5 1/2-1/2

[Event "Bayerische Einzelmeisterschaft 2011"]
[Site "Regensburg"]
[Date "2011.08.27"]
[Round "8.2"]
[White "Singer, Christoph"]
[Black "Pohl-Kuemmel, Jens-Uwe"]
[Result "1/2-1/2"]
[WhiteElo "2380"]
[BlackElo "2287"]
[PlyCount "105"]
[EventDate "2011.??.??"]
[WhiteTeam "SC Tarrasch 45 München"]
[BlackTeam "TSV Wacker Neutraubling"]

1. e4 d6 2. d4 Nf6 3. Nc3 g6 4. g3 Bg7 5. Bg2 O-O 6. h3 e5 7. Nge2 Nc6 8. Be3
Bd7 9. O-O exd4 10. Nxd4 Re8 11. Re1 a6 12. Qd2 Rb8 13. Rad1 Ne5 14. b3 h5 15.
f4 Nc6 16. Nxc6 Bxc6 17. Ba7 Ra8 18. Bd4 Nh7 19. Bxg7 Kxg7 20. Nd5 Bxd5 21.
Qxd5 Rb8 22. a4 Qf6 23. a5 h4 24. gxh4 Qxf4 25. Rf1 Qe3+ 26. Kh1 Re7 27. h5 Nf6
28. h6+ Qxh6 29. Qd4 Re5 30. Rd3 Nd7 31. Qc4 Re7 32. Qxc7 Rbe8 33. Qxd6 Ne5 34.
Qf6+ Kg8 35. Rd8 Qf8 36. Rd5 Re6 37. Qf4 Qe7 38. h4 Kg7 39. Kh2 Rh8 40. Kg3 g5
41. hxg5 Rh5 42. Qf6+ Rxf6 43. gxf6+ Qxf6 44. Rxf6 Kxf6 45. Rd6+ Kg5 46. Rb6
Rh8 47. Rxb7 Rc8 48. c4 Rd8 49. Bf1 Rd1 50. Be2 Rd2 51. Bf1 Rd1 52. Be2 Rd2 53.
Bf1 1/2-1/2

[Event "Bayerische Einzelmeisterschaft 2011"]
[Site "Regensburg"]
[Date "2011.08.27"]
[Round "8.3"]
[White "Gießmann, Stephan"]
[Black "Nuber, Korbinian"]
[Result "1/2-1/2"]
[WhiteElo "2237"]
[BlackElo "2245"]
[PlyCount "33"]
[EventDate "2011.??.??"]
[WhiteTeam "SK Kelheim 1920"]
[BlackTeam "SC Dillingen"]

1. d4 d5 2. c4 c6 3. cxd5 cxd5 4. Nc3 Nf6 5. Nf3 Nc6 6. Bf4 Qb6 7. Na4 Qb4+ 8.
Bd2 Qd6 9. e3 Ne4 10. Bb5 Bd7 11. Rc1 e6 12. O-O Qc7 13. Nc5 Bxc5 14. dxc5 O-O
15. Bc3 Nxc3 16. Rxc3 Ne5 17. Bxd7 1/2-1/2

[Event "Bayerische Einzelmeisterschaft 2011"]
[Site "Regensburg"]
[Date "2011.08.27"]
[Round "8.4"]
[White "Kuhn, Tobias"]
[Black "Reich, Thomas"]
[Result "0-1"]
[WhiteElo "2195"]
[BlackElo "2391"]
[PlyCount "62"]
[EventDate "2011.??.??"]
[WhiteTeam "SK 1982 Klingenberg/Main"]
[BlackTeam "FC Bayern München e.V."]

1. e4 c5 2. Nf3 Nc6 3. d4 cxd4 4. Nxd4 g6 5. c4 Bg7 6. Be3 Nf6 7. Nc3 O-O 8.
Be2 b6 9. O-O Bb7 10. f3 Nh5 11. f4 Nxf4 12. Rxf4 Nxd4 13. Bxd4 e5 14. Rf3 exd4
15. Nd5 d3 16. Qxd3 Bxb2 17. Raf1 d6 18. Kh1 Rc8 19. Qd2 Bg7 20. Nf6+ Bxf6 21.
Rxf6 Qe7 22. Rxd6 Rc7 23. Bf3 Bc8 24. Qd4 Be6 25. Be2 Rfc8 26. h3 Qg5 27. e5
Rc5 28. Bg4 Bxg4 29. hxg4 Rxe5 30. Rd7 Re7 31. Rxf7 Re1+ 0-1

[Event "Bayerische Einzelmeisterschaft 2011"]
[Site "Regensburg"]
[Date "2011.08.27"]
[Round "8.5"]
[White "Fedorovsky, Michael"]
[Black "Schmid, Roland"]
[Result "1/2-1/2"]
[WhiteElo "2416"]
[BlackElo "2189"]
[PlyCount "94"]
[EventDate "2011.??.??"]
[WhiteTeam "SC Tarrasch 45 München"]
[BlackTeam "TSV Wacker Neutraubling"]

1. d4 e6 2. c4 f5 3. Nc3 Nf6 4. g3 Bb4 5. e3 O-O 6. Nge2 d6 7. Bg2 e5 8. O-O
Bxc3 9. Nxc3 Nbd7 10. b4 a5 11. b5 Rb8 12. dxe5 Nxe5 13. f4 Ned7 14. e4 fxe4
15. Nxe4 Nxe4 16. Bxe4 Nf6 17. Bg2 Be6 18. Qd4 Qd7 19. Bb2 Bh3 20. Qd2 Bxg2 21.
Kxg2 Qf7 22. Bxf6 Qxf6 23. Rae1 Qf7 24. Re4 Rfe8 25. Rfe1 Rxe4 26. Rxe4 Re8 27.
Rxe8+ Qxe8 28. Qd5+ Kf8 29. Kf2 Qg6 30. f5 Qf6 31. Kg2 Qb2+ 32. Kh3 Qf2 33. Qe6
Qc5 34. Qc8+ Kf7 35. Qe6+ Kf8 36. g4 c6 37. Qc8+ Kf7 38. Qe6+ Kf8 39. Qc8+ Kf7
40. Qxb7+ Kf6 41. Qxc6 Qe3+ 42. Kg2 Qe2+ 43. Kg3 Qe1+ 44. Kf3 Qf1+ 45. Ke3 Qe1+
46. Kf4 Qd2+ 47. Kg3 Qe1+ 1/2-1/2

[Event "Bayerische Einzelmeisterschaft 2011"]
[Site "Regensburg"]
[Date "2011.08.27"]
[Round "8.6"]
[White "Heiduczek, Josef"]
[Black "Wagner, Florian"]
[Result "*"]
[WhiteElo "2199"]
[BlackElo "2253"]
[PlyCount "50"]
[EventDate "2011.??.??"]
[WhiteTeam "SC Rottal"]
[BlackTeam "SC Noris-Tarrasch Nürnberg 1873"]

1. e4 c5 2. Nf3 e6 3. d4 cxd4 4. Nxd4 a6 5. Bd3 Qb6 6. Nb3 Qc7 7. Nc3 Nf6 8. f4
d6 9. Be3 Be7 10. Qf3 Nbd7 11. g4 h6 12. Qh3 Rh7 13. O-O-O b5 14. e5 dxe5 15.
fxe5 Nxe5 16. Bxh7 Nxh7 17. Rhe1 Nc4 18. Bd4 Kf8 19. Rf1 Bb7 20. Rde1 Ng5 21.
Qh5 Nf3 22. Rf2 Bg5+ 23. Kb1 g6 24. Qh3 Nxe1 25. Nc5 Nd2+ *

[Event "Bayerische Einzelmeisterschaft 2011"]
[Site "Regensburg"]
[Date "2011.08.27"]
[Round "8.7"]
[White "Lederle, Vitus"]
[Black "Safyanowsky, Mark"]
[Result "1/2-1/2"]
[WhiteElo "2214"]
[BlackElo "2288"]
[PlyCount "29"]
[EventDate "2011.??.??"]
[WhiteTeam "SC Dillingen"]
[BlackTeam "SAbt TSV Haunstetten"]

1. e4 e6 2. d4 d5 3. exd5 exd5 4. Bd3 Nc6 5. Nf3 Nf6 6. Bf4 Bg4 7. c3 Bd6 8.
Bxd6 Qxd6 9. Qe2+ Qe7 10. Qxe7+ Kxe7 11. Nbd2 Rhe8 12. O-O Kf8 13. Rfe1 Rxe1+
14. Rxe1 Re8 15. Rxe8+ 1/2-1/2